Propuesta para la automatización del cálculo de las instalaciones eléctricas en baja tensión caso de estudio: PROYELSA

Presenta una propuesta orientada a la construcción del diseño de todas las etapas de cálculos para la instalación de sistemas eléctricos de baja tensión; se utilizan programas informáticos usuales para resolver el cálculo de las caídas de tensión, capacidades de aires acondicionados....

Full description

Bibliographic Details
Main Author: Flores Orozco, Anielka María
Other Authors: Tutor:
Format: Tesis Section = Libro
Language:Undetermined
Spanish
Published: Managua UNI 2011
Subjects:
LEADER 01052nam a2200229Ia 4500
008 240830s9999 xx 000 0 und d
040 |a BIBLIOTECA-RUSB/ T.Mon 621.319 F634 
041 |a spa 
082 |a T.Mon 621.319 F634 
100 1 |a Flores Orozco, Anielka María 
245 1 0 |a Propuesta para la automatización del cálculo de las instalaciones eléctricas en baja tensión caso de estudio: PROYELSA 
260 |a Managua  |b UNI  |c 2011 
300 |a 52 p. :il. 
500 |a Contiene: anexos. 
502 |a Tesis (Ingeniero Eléctrico) - UNI, 2011. 
520 3 |a Presenta una propuesta orientada a la construcción del diseño de todas las etapas de cálculos para la instalación de sistemas eléctricos de baja tensión; se utilizan programas informáticos usuales para resolver el cálculo de las caídas de tensión, capacidades de aires acondicionados. 
650 7 |a INSTALACIONES ELECTRICAS-AUTOMATIZACION 
650 7 |b  SISTEMAS ELECTRICOS DE BAJA TENCION 
700 1 |a Tutor: 
942 |c BK  |2 ddc 
991 |a TESIS 
999 |c 21836